Constructing futures (Record no. 106138)
[ view plain ]
| 000 -LEADER | |
|---|---|
| fixed length control field | 01365cam a2200193 4500 |
| 001 - CONTROL NUMBER | |
| control field | L135669 |
| 008 - FIXED-LENGTH DATA ELEMENTS--GENERAL INFORMATION | |
| fixed length control field | 061123n2010 000 0 eng u |
| 020 ## - INTERNATIONAL STANDARD BOOK NUMBER | |
| International Standard Book Number | 9781444327847 |
| 035 ## - SYSTEM CONTROL NUMBER | |
| System control number | (Sirsi) u135669 |
| 100 ## - MAIN ENTRY--PERSONAL NAME | |
| Personal name | Chan, Paul |
| 245 ## - TITLE STATEMENT | |
| Title | Constructing futures |
| Remainder of title | industry leaders and futures thinking in construction |
| Medium | [electronic resource] |
| 260 ## - PUBLICATION, DISTRIBUTION, ETC. | |
| Place of publication, distribution, etc. | Blackwell Publishing |
| Date of publication, distribution, etc. | 2010 |
| 350 ## - PRICE (NR) (BK AM CF MU VM SE) [OBSOLETE] | |
| Price | 39.50 |
| 520 ## - SUMMARY, ETC. | |
| Summary, etc. | A total of 15 influential figures were interviewed for this eBook, from Sir Michael Latham and Bob White to Wayne Hemmingway and Kevin McCloud. Part One looks to the past by reviewing a series of foresight studies undertaken of the construction industry and re-presenting stories of our interviewees' lives to explain the development of leadership in the context of the construction industry. In Part Two, the authors look at the present and discuss two fundamental issues: sustainable development and governance of the construction industry. In Part Three the book concludes with an afterthought for the future, highlighting key lessons learnt putting forward a series of research questions derived from this scholarly reflection of ?futures thinking' in construction. |
| 650 24 - SUBJECT ADDED ENTRY--TOPICAL TERM | |
| Topical term or geographic name entry element | EBOOK |
| 700 1# - ADDED ENTRY--PERSONAL NAME | |
| Personal name | Cooper, Rachel |
| 856 40 - ELECTRONIC LOCATION AND ACCESS | |
| Uniform Resource Identifier | <a href="https://www.vlebooks.com/">https://www.vlebooks.com/</a> |
| Public note | View on VLEbooks. Logins for members only from [email protected] |
| 942 ## - ADDED ENTRY ELEMENTS (KOHA) | |
| Suppress in OPAC | 0 |
| Withdrawn status | Lost status | Source of classification or shelving scheme | Damaged status | Not for loan | Home library | Current library | Shelving location | Date acquired | Cost, normal purchase price | Total Checkouts | Full call number | Barcode | Date last seen | Copy number | Cost, replacement price | Price effective from | Koha item type |
|---|---|---|---|---|---|---|---|---|---|---|---|---|---|---|---|---|---|
| Dewey Decimal Classification | Virtual | Virtual | Online | 16/08/2011 | 105.01 | EBOOK | 135669-2001 | 06/08/2019 | 1 | 105.01 | 06/08/2019 | Book |